000 00890nam a2200217 a 4500
001 000041687
005 20201002035713.0
008 131018s1985 sp a 000 0 spa d
020 _a8400059700
040 _aDO-SdBNP
_bspa
_cBNPHU
100 1 _aRivera Garretas, Milagros
_968497
245 1 0 _aLa encomienda, el priorato y la villa de Ucles en la Edad Media (1174-1310) :
_bFormación de un Señorío de la Orden de Santiago /
_cMilagros Rivera Garretas.
260 _aSevilla :
_bCSIC,
_c1985.
300 _aXVI, 558 p. ;
_c26 cm.
490 1 _aAnuario de estudios medievales.
_aAnejo
_v15
504 _aBibliografía : p. 363-374
500 _aIncluye índice
504 _aIncluye referencias bibliográficas y notas al pie de las páginas
710 2 _aConsejo Superior de Investigaciones Científicas (España)
_915178
830 0 _aAnuario de estudios medievales.
_pAnejo
_v15
_964050
999 _c41177
_d41177